| 000 | 00420cam a2200169ua 4500 | ||
|---|---|---|---|
| 020 | _c170.00 | ||
| 041 |
_aeng _h |
||
| 082 |
_a658.5 _bTEL/PR |
||
| 100 | _aTelsang, Martand T . | ||
| 245 |
_aProduction management / _cMartand T Telsang. _hTextual Documents |
||
| 260 |
_aNew Delhi : _bS.Chand and Co , _c2005. |
||
| 300 |
_a ; _e`. |
||
| 365 | _a170.00 | ||
| 504 | _a | ||
| 942 | _cBK | ||
| 999 |
_c13048 _d13048 |
||